000 00579nam a22002297a 4500
003 UA-OsUOA
001 70311
007 ta
008 20100902b un ||||| |||| 00| 0 ukr d
100 _aРоджерс П.
090 _a929
_bР60
942 _cBK
040 _aUA-OsUOA
_brus
_cUA-OsUOA
_dUA-OsUOA
245 _aГенри Филдинг
_bБиография
300 _a206 с.
955 _a2
041 _arus
080 _a929
260 _aМ.
_bРадуга
_c1984
650 7 _a9 Географія. Біографії. Історія
_2UDC
999 _c356527
_d356527